| 000 | 00581nam a2200193 4500 | ||
|---|---|---|---|
| 001 | 128077 | ||
| 003 | ES-MaACL | ||
| 005 | 20230906193145.0 | ||
| 007 | t| | ||
| 008 | 070214s1976 sp r ||||1| spa d | ||
| 100 | 1 |
_aRoa, Vicente. _997765 |
|
| 245 | 1 | 0 |
_aApoteosis y ocaso del franquismo / _cVicente Roa ; prólogo de Salvador de Madariaga. |
| 250 | _a1ª ed. | ||
| 260 |
_aMadrid : _bSedmay, _c1976. |
||
| 300 |
_a387 p., 14 lám. ; _c21 cm. |
||
| 700 | 1 |
_aMadariaga, Salvador de, _d1886-1978 _975292 |
|
| 852 |
_aES-MaACL _jA-6772 _bR.96013 |
||
| 999 |
_c128077 _d128077 |
||